01119nam a2200217 a 450000100100000000500170001000800410002704000250006808200230009311101390011624500680025524600620032326001210038530000360050650000730054250000370061550000350065261100940068765000590078165000610084000002933620200930055502.0110307s2007 dr ac 000 0 spa d aDO-SdBNPbspacBNPHU a021.7bF356d, 20072 aFeria Internacional del Libro de Santo Domingo 2007n(10ª :d(2007 10 :23 abril al 6 de mayocSanto Domingo, República Dominicana )10aX Feria Internacional del Libro Santo Domingo 2007 :bprograma.13aDécima Feria Internacional del Libro Santo Domingo 2007 aSanto Domingo :bSecretaría de Estado de CulturabDirección General de la Feria del Libro,c2007fEditora Búho a327 p. :bil., retrs. ;c23 cm. aHomenaje a Franklin Mieses Burgos, país invitado de honor Colombia aContiene el manual del expositor aDonde la imaginación florece24aFERIA INTERNACIONAL DEL LIBROx(10ª :cSANTO DOMINGO, REPÚBLICA DOMINICANA)xPROGRAMAS 4aIndustria del librozRepública DominicanaxProgramas 4aFeria del librozRepública Dominicanay2010xProgramas